Využitie interaktívno-komunikačných technológií vo vyučovaní odborných ekonomických predmetov

Efektívna komunikácia s vyžitím dostupných informačno-komunikačných technológií. Pojem komunikácia a efektívna komunikácia. Možnosti využitia interaktívneho vyučovania a využitie informačno-komunikačných technológií a internetu na vyučovaní odborných predmetov. Výsledky dotazníkového prieskumu uskut...

Celý popis

Uložené v:
Podrobná bibliografia
Hlavný autor: Kúbeková, Anna, 1976-
Médium: Kapitola
Jazyk:Slovak
Predmet:
Tagy: Pridať tag
Žiadne tagy, Buďte prvý, kto otaguje tento záznam!

MARC

LEADER 00000naa$a2200000$$$4500
001 0270976
005 20240502083817.9
041 0 |a slo 
044 |a CZ 
245 1 0 |a Využitie interaktívno-komunikačných technológií vo vyučovaní odborných ekonomických predmetov  |c Anna Kúbeková 
520 |a Efektívna komunikácia s vyžitím dostupných informačno-komunikačných technológií. Pojem komunikácia a efektívna komunikácia. Možnosti využitia interaktívneho vyučovania a využitie informačno-komunikačných technológií a internetu na vyučovaní odborných predmetov. Výsledky dotazníkového prieskumu uskutočnený na vybranej strednej škole. 
610 2 0 |a technológie informačné 
610 2 0 |a technológie komunikačné 
610 2 0 |a komunikácia 
610 2 0 |a internet 
610 2 0 |a školy stredné 
610 2 0 |a vyučovanie 
100 1 |a Kúbeková, Anna, 1976-